000 00482nam a2200169Ia 4500
008 090711s9999 xx 000 0 und d
082 _b62573
100 _aकाकोडकर Sांद्रकांत
245 _aनायक
260 _c1988
300 _a198
600 _aकाकोडकर Sांद्रकांत
630 _aनायक
700 _aकाकोडकर Sांद्रकांत
730 _aनायक
942 _cBOOK
999 _c295716
_d295716